Statistics for States with Exclaves

Click here to take the quiz!

General Stats

  • This quiz has been taken 24 times
  • The average score is 3 of 6

Answer Stats

State% Correct
New York
78%
Kentucky
74%
Washington
74%
Virginia
48%
Rhode Island
43%
Delaware
30%

Score Distribution

Percentile by Number Answered

Percent of People with Each Score

Your Score History

You have not taken this quiz